01691nab a22002417a 4500003000400000005001700004008004100021040001100062100002400073245019000097260007300287300001400360500015400374505054500528505008901073650002301162650002701185650002801212650001501240650002201255650002701277773014501304OSt20250225114241.0190603e xxum|||| |||| 00| 0 spa d cPJ-TDF aBasset, Úrsula C. aAnálisis de la evolución jurisprudencial sobre los efectos patrimoniales de las parejas de hecho : bnovedades sobre la relación entre autonomía y protección /cUrsula Basset. cCiudad Autónoma de Buenos Aires :aThomson Reuters La Ley, b2024. ap.190-202 aCita: TR LALEY AR/DOC/1992/2024. Publicado en: R.C.C. y C. 2024 (Septiembre-Octubre). EDICIÓN ESPECIAL: XXIX Jornadas Nacionales de Derecho Civil. aSumario: I. La relación entre autonomía y protección: una propuesta de revisión.— II. Consideración de algunas paradojas de la relación entre autonomía y protección en el régimen argentino.— III. La autonomía de la voluntad vs. el proteccionismo, en la jurisprudencia y la doctrina.— IV. Una jurisprudencia poco homogénea con un abanico de alternativas.— V. El matrimonio y el patrimonio: dos ejes en mutación vertiginosa que desafían al régimen patrimonial matrimonial.— VI. Consideraciones finales.  t¿Te interesa el texto completo? Solicitalo al correo: koha@justierradelfuego.gov.ar 0aDERECHO DE FAMILIA 0aUNIONES CONVIVENCIALES 0aPERSPECTIVA DE GÉNERO 0aMATRIMONIO 0aSOCIEDAD DE HECHO 0aDERECHO DE RETENCIÓN0 02713dCiudad Autónoma de Buenos Aires : Thomson Reuters La Ley, 2015-tRevista Código Civil y Comercial. Nº 5 - Septiembre-Octubre 2024